Dr. Biedl Jenő [gyászjelentés] /
Elmentve itt :
| Szerző: | |
|---|---|
| Dokumentumtípus: | Cikk |
| Megjelent: |
1928-07-15
|
| Sorozat: | Délmagyarország
4 No. 159 |
| Kulcsszavak: | Biedl Jenő, Gyászjelentés Szeged |
| Online Access: | http://dmarchiv.bibl.u-szeged.hu/38313 |
| LEADER | 00511nab a2200157 i 4500 | ||
|---|---|---|---|
| 001 | delm38313 | ||
| 005 | 20180927112917.0 | ||
| 008 | 180927s1928 hu o 0|| hun d | ||
| 040 | |a SZTE Délmagyarország Archívum |b hun | ||
| 041 | |a hun | ||
| 100 | 2 | |a Biedl Adolfné Deutsch Róza | |
| 245 | 1 | 0 | |a Dr. Biedl Jenő |h [elektronikus dokumentum] : |b [gyászjelentés] / |c özv. Biedl Adolfné Deutsch Róza |
| 260 | |c 1928-07-15 | ||
| 300 | |a 9 | ||
| 490 | 0 | |a Délmagyarország |v 4 No. 159 | |
| 695 | |a Biedl Jenő, Gyászjelentés Szeged | ||